• 首页
  • 本馆介绍
  • 公告通知
  • 最新文献
  • 馆藏检索
  • 电子资源
  • 读者导购
  • 参考咨询
  • 我的图书馆
  • 登录
  • 详细信息显示
  • 放入我的书架
  • 预约/预借图书
  • 作者相关作品
  • 分类相关作品
  • 丛书相关作品
  • 出版社相关作品

书目信息

  • 表格格式
  • 工作单格式
  • 卡片格式
题名:
教育管理学
    
 
作者: 刘文修 编著
分册:  
出版信息: 石家庄   河北教育出版社  1996
页数: 437页
开本: 20cm
丛书名: 中国当代教育理论丛书
单 册:
中图分类: G46
科图分类:
主题词: 教育行政
电子资源:
ISBN: 7-5434-2774-5
000 00647nam2 2200229 45
001 0198017184
005 20070126082255.64
010    @a7-5434-2774-5@dCNY16.40
100    @a19980326d1996 emky0chiy0121 ea
101 0  @achi
102    @aCN@b130000
105    @af z 000yy
200 10 @a教育管理学@Ajiao yu guan li xue@f刘文修编著@Fliu wen xiu bian zhu
210    @a石家庄@c河北教育出版社@d1996
215    @a437页@c彩照@d20cm
225 2  @a中国当代教育理论丛书
410  0 @120010@a中国当代教育理论丛书
606    @a教育行政
690    @aG46@v3
701  0 @a刘文修@Aliu wen xiu@4编著
801  0 @aCN@bTSSF@c20070126
905    @a10447@dG46@e12
    
    教育管理学/刘文修编著.-石家庄:河北教育出版社,1996
    437页:彩照;20cm.-(中国当代教育理论丛书)
    
    
    ISBN 7-5434-2774-5:CNY16.40
    
●
相关链接 在E读中查询图书 在五车中查询图书 在当当中查询图书 在豆瓣中查询图书


正题名:教育管理学     索取号:G46/12         预约/预借

序号 登录号 条形码 馆藏地/架位号 状态 备注
1 0506754   205067540   第一样本阅览室/ [索取号:G46/12] 在馆    
2 0506755   205067559   密集书库/ [索取号:G46/12] 在馆    
3 0506756   205067568   第四借阅区/ [索取号:G46/12] 在馆    
4 0506757   205067577   密集书库/ [索取号:G46/12] 在馆    
5 0506758   205067586   第四借阅区/ [索取号:G46/12] 在馆    
6 0506759   205067595   第四借阅区/ [索取号:G46/12] 在馆    
7 0506760   205067602   第四借阅区/ [索取号:G46/12] 在馆    
8 0506761   205067611   密集书库/ [索取号:G46/12] 在馆    
9 0506762   205067620   密集书库/ [索取号:G46/12] 在馆    
10 0506763   205067639   第四借阅区/ [索取号:G46/12] 在馆    
唐山师范学院图书馆 欢迎您!
大连网信软件有限公司© 版权所有